00526nam a22001337a 4500008004100000040005500041080002100096100001700117245012400134260008000258300001000338650002300348653002100371230713b |||||||| |||| 00| 0 eng d aNational Science LibrarycNational Science Library aT678.074:641.514 aDebnath, K K aElastomer blends for extended range of applications c/ Defence Materials & Stores Research & Development Establishment aKanpur: bDefence Materials & Stores Research & Development Establishment,  a18p.  aDefence materials  aStores research